000 00681nam a2200193 i 4500
001 172558
003 ES-MaACL
005 20250917063059.0
008 090720s1887 fr |||| | fre d
100 1 _aDaudet, Alphonse,
_d1840-1897
_942799
245 1 0 _aSapho
_b: moeurs parisiennes /
_cAlphonse Daudet ; ilustrations de Rossi, Myrbach, etc.
260 _aParis :
_bErnest Flammarion,
_c[1887?]
300 _a376 p. :
_bil. ;
_c19 cm.
490 1 _aCollection Guillaume
700 1 _aMyrbach, F. de.
_9141104
830 0 _aCollection Guillaume
_9182233
852 _aES-MaACL
_jE-12878
_9R.139291
_z.- Biblioteca Jacinto Martínez Lacalle
999 _c172558
_d172558